000 00528nam a2200181 4500
001 107079
003 ES-MaACL
005 20230906184337.0
007 t|
008 061121s1951 sp r ||||1| spa d
100 1 _aMorgan, Charles.
_983510
245 1 0 _aCamino secreto /
_cCharles Morgan; traducción del inglés por Simón Santaines.
250 _a1ª. ed.
260 _aBarcelona :
_bJosé Janes,
_c1951.
300 _a201 p. ;
_c20 cm.
700 1 _aSantainés, Simón.
_9103261
852 _aES-MaACL
_jD-6108
_bR.31188
999 _c107079
_d107079